| 000 | 00555cam a2200181 a 4500 | ||
|---|---|---|---|
| 020 | _a0070525609 (acidfree paper) | ||
| 040 | _cDLC | ||
| 082 | 0 | 0 | _a170 HIL 1999 A002 Or. |
| 100 | 1 | _aRachels, James, | |
| 245 | 1 | 4 | _aThe elements of moral philosophy / |
| 250 | _a3rd ed. | ||
| 260 |
_aBoston : _bMcGraw-Hill College, _cc1999. |
||
| 300 |
_axii, 232 p. ; _c22 cm. |
||
| 650 | 0 | _aEthics | |
| 856 | 4 | 2 | _uhttp://www.loc.gov/catdir/enhancements/fy0602/98019786-d.html |
| 856 | 4 | 1 | _uhttp://www.loc.gov/catdir/enhancements/fy0602/98019786-t.html |
| 942 | _cEK | ||
| 999 |
_c12180 _d12180 |
||